490 a.C. (Registo nº 674)

Detalhes MARC
000 -Etiqueta do registo
Cabeçalho 01098cam a2200373 4500
005 - Identificador da versão
Campo de controlo 20240813121809.0
095 ## -
-- PTBN00264347
010 ## - Número internacional normalizado dos livros (ISBN)
Número (ISBN) 9722212354
021 ## - Número do Depósito Legal
Código do país PT
Número 36677/90
035 ## - Other System Control Numbers
System Control Number 0000703
System Control Number 0000699
System Control Number 0000699
System Control Number 0000687
100 ## - Dados gerais de processamento
Dados gerais de processamento 19910110d1990 m y0pory5003 ba
102 ## - Pais de publicação ou produção
País de publicação Portugal
101 1# - Língua de publicação
Língua do texto, banda sonora, etc. Português
Língua do documento no original Francês
106 ## - Campo de dados codificados: material textual
Dados codificados do material textual r
105 ## - Campo de dados codificados: livros
Dados codificados dos livros a z 001yy
215 ## - Descrição física 
Indicação específica da natureza do documento e extensão da espécie 29 p.
Outras indicações físicas muito il.
Dimensões 27 cm
200 1# - Titulo e menção de responsabilidade
Título próprio 490 a.C.
Informação de outro título Maratona
-- gregos contra persas, a vitória da liberdade
Primeira menção de responsabilidade Jacques Marseille
Outras menções de responsabilidade il. Juy Michel
-- trad. Fernanda S. Tavares
225 2# - Colecção 
Título próprio da colecção Grandes momentos da história
Indicação de volume 4
210 ## - Publicação, Distribuição, etc. 
Lugar da edição, distribuição, etc. Lisboa
Nome do editor, distribuidor, etc. Verbo
Data da publicação, distribuição, etc. imp. 1990
304 ## - Notas relativas a título e menção de responsabilidade 
Texto da nota Tít. orig.: Marathon, grecs contre perses
675 ## - Classificação Decimal Universal (CDU)
Notação 087.5
Edição BN
Língua da edição por
Edição BN
Língua da edição por
Notação 935
Edição BN
Língua da edição por
Notação 94(38)
Edição BN
Língua da edição por
Edição BN
Língua da edição por
702 #1 - Nome de autor-pessoa física (responsabilidade secundária)
Número de registo de entrada de autoridade 0000873
Palavra de ordem Michel
Outra parte do nome não tomada para palavra de ordem Guy
Código de função Ilustrador / Técnico de desenho computorizado
Número de registo de entrada de autoridade 0000874
Palavra de ordem Tavares
Outra parte do nome não tomada para palavra de ordem Fernanda S.
Código de função Tradutor
700 #1 - Nome de autor-pessoa física (responsabilidade principal)
Número de registo de entrada de autoridade 0000872
Palavra de ordem Marseille
Outra parte do nome não tomada para palavra de ordem Jacques
942 ## - Elementos de entrada adicionados (Koha)
Tipo de item no Koha Livro
Exemplares
Situação do levantamento Origin of item (home branch) (coded) Biblioteca de empréstimo Código de barras Cota Circulation type (not for loan) Tipo de documento Nota do exemplar Damaged status
  Biblioteca Escolar Eng. Nuno Mergulhão Biblioteca Escolar Eng. Nuno Mergulhão BENM1100 9 UNI MAR   Livro Sem mensagem